[Event "Abierto Mexicano de Ajedrez 2008"]
[Site "Aguascalientes"]
[Date "2008.03.20"]
[Round "3"]
[White "Morales Garcia, Sergio Joshafatt"]
[Black "De La Paz Perdomo, Frank"]
[Result "1/2-1/2"]
[WhiteElo "2283"]
[BlackElo "2441"]
[PlyCount "95"]
[EventDate "2008.03.18"]
[EventType "swiss"]
[EventRounds "9"]
[EventCountry "MEX"]
[Source "lmi"]
[SourceDate "2008.03.18"]

1. e4 e5 2. Nf3 d6 3. d4 exd4 4. Nxd4 Nf6 5. Nc3 Be7 6. g3 d5 7. e5 Ng4 8. e6
Nf6 9. exf7+ Kxf7 10. Bg2 c6 11. O-O Re8 12. b3 Bg4 13. Qd2 Qd7 14. Re1 Na6 15.
Bb2 Kg8 16. Nd1 Bb4 17. c3 Bf8 18. Ne3 Bh3 19. Bh1 Nc5 20. Rad1 a5 21. c4 Nce4
22. Qc2 Qf7 23. Nf3 Ng4 24. Nxg4 Bxg4 25. Rd3 Bb4 26. Rf1 Qh5 27. Re3 Rf8 28.
Ne5 Bc5 29. cxd5 Bxe3 30. Qxe4 Rxf2 31. Rxf2 Bxf2+ 32. Kxf2 Qxh2+ 33. Qg2 Rf8+
34. Ke1 Qh5 35. dxc6 bxc6 36. Qxc6 h6 37. Be4 Bf5 38. Bd5+ Kh7 39. Qc7 Qg5 40.
Qc3 Rc8 41. Qf3 Rd8 42. Be4 Qd2+ 43. Kf1 Bxe4 44. Qxe4+ Kg8 45. Qc4+ Kh7 46.
Qe4+ Kg8 47. Qc4+ Kh7 48. Qe4+ 1/2-1/2

[Event "Abierto Mexicano de Ajedrez 2008"]
[Site "Aguascalientes"]
[Date "2008.03.18"]
[Round "5"]
[White "Gonzalez Zamora, Juan Carlos"]
[Black "Zapata, Alonso"]
[Result "1-0"]
[WhiteElo "2556"]
[BlackElo "2475"]
[PlyCount "87"]
[EventDate "2008.03.18"]
[EventType "swiss"]
[EventRounds "9"]
[EventCountry "MEX"]
[Source "lmi"]
[SourceDate "2008.03.18"]

1. d4 Nf6 2. c4 g6 3. Nc3 Bg7 4. e4 d6 5. Be2 O-O 6. Nf3 e5 7. O-O Nc6 8. d5
Ne7 9. Bg5 h6 10. Bxf6 Bxf6 11. b4 Kh7 12. c5 Ng8 13. a4 Be7 14. c6 bxc6 15.
dxc6 f5 16. Qb3 Nf6 17. exf5 gxf5 18. Rad1 Qe8 19. b5 Rg8 20. Bc4 Rg7 21. Nd5
Nxd5 22. Bxd5 Qg6 23. Ne1 f4 24. Kh1 Bf5 25. Rg1 Bh4 26. g3 fxg3 27. fxg3 Be4+
28. Bxe4 Qxe4+ 29. Ng2 Bg5 30. Rge1 Qg6 31. Rf1 Re8 32. Qd5 e4 33. Rde1 e3 34.
Re2 Qe4 35. Qxe4+ Rxe4 36. h4 Be7 37. Rxe3 Rxa4 38. Nf4 Rf7 39. Ref3 Re4 40.
Nd5 Rg7 41. Nxc7 Bxh4 42. Nd5 Rc4 43. Rf7 Bxg3 44. Nf6+ 1-0

[Event "Abierto Mexicano de Ajedrez 2008"]
[Site "Aguascalientes"]
[Date "2008.03.18"]
[Round "5"]
[White "Borges Mateos, Juan"]
[Black "Hernandez Guerrero, Gilberto"]
[Result "1/2-1/2"]
[WhiteElo "2448"]
[BlackElo "2548"]
[PlyCount "53"]
[EventDate "2008.03.18"]
[EventType "swiss"]
[EventRounds "9"]
[EventCountry "MEX"]
[Source "lmi"]
[SourceDate "2008.03.18"]

1. d4 Nf6 2. c4 g6 3. Nc3 Bg7 4. e4 d6 5. f3 O-O 6. Be3 e5 7. Nge2 c6 8. Qd2
Nbd7 9. Rd1 Re8 10. d5 cxd5 11. Nxd5 Nxd5 12. Qxd5 Nb6 13. Qd3 Be6 14. b3 Bh6
15. Nc3 Bxe3 16. Qxe3 a6 17. h4 Qc7 18. h5 Rad8 19. hxg6 fxg6 20. g3 Nd7 21.
Bh3 Nf6 22. Bxe6+ Rxe6 23. Kf2 Rf8 24. Kg2 Qg7 25. Rhf1 g5 26. Qb6 Qe7 27. Qe3
1/2-1/2

[Event "Abierto Mexicano de Ajedrez 2008"]
[Site "Aguascalientes"]
[Date "2008.03.18"]
[Round "5"]
[White "Huerta, Dayron"]
[Black "Labrador Magro, Roberto"]
[Result "1-0"]
[WhiteElo "2353"]
[BlackElo "2110"]
[PlyCount "31"]
[EventDate "2008.03.18"]
[EventType "swiss"]
[EventRounds "9"]
[EventCountry "MEX"]
[Source "lmi"]
[SourceDate "2008.03.18"]

1. e4 c5 2. Nc3 a6 3. Nge2 b5 4. g3 Bb7 5. Bg2 Nf6 6. O-O e6 7. d3 Be7 8. e5
Nd5 9. Nxd5 Bxd5 10. Bxd5 exd5 11. Nf4 d4 12. Qg4 g6 13. Nd5 Nc6 14. Bh6 Nb4
15. Nf6+ Bxf6 16. exf6 1-0

[Event "Abierto Mexicano de Ajedrez 2008"]
[Site "Aguascalientes"]
[Date "2008.03.18"]
[Round "5"]
[White "Villarreal Felix, Jose Felix"]
[Black "Alvarez Ramirez, Miguel Angel"]
[Result "1/2-1/2"]
[WhiteElo "2340"]
[BlackElo "2194"]
[PlyCount "84"]
[EventDate "2008.03.18"]
[EventType "swiss"]
[EventRounds "9"]
[EventCountry "MEX"]
[Source "lmi"]
[SourceDate "2008.03.18"]

1. e4 c5 2. Nc3 Nc6 3. f4 e6 4. Nf3 Nge7 5. d3 d5 6. Be2 g6 7. O-O Bg7 8. Qe1
f5 9. e5 a6 10. Na4 b6 11. c3 Bd7 12. b3 d4 13. cxd4 Nxd4 14. Nxd4 cxd4 15. Bf3
Bc6 16. Qb4 Bxf3 17. Rxf3 b5 18. Nb2 Bf8 19. Qe1 Nd5 20. Bd2 Ba3 21. Nd1 Rc8
22. h4 Rc2 23. h5 gxh5 24. Rg3 Qe7 25. Rg5 Qf7 26. Nf2 Be7 27. Qd1 Rxd2 28.
Qxd2 Bxg5 29. fxg5 Qb7 30. Nh3 Kf7 31. Qf2 Rc8 32. Qf3 Rc2 33. Nf4 Qc6 34.
Qxh5+ Ke7 35. Qxh7+ Kd8 36. Qg8+ Kc7 37. Nxe6+ Kb6 38. Qd8+ Ka7 39. Qd6 Rxg2+
40. Kh1 Qc2 41. Qd7+ Kb6 42. Qd8+ Ka7 1/2-1/2

[Event "Abierto Mexicano de Ajedrez 2008"]
[Site "Aguascalientes"]
[Date "2008.03.18"]
[Round "5"]
[White "Duarte Barahona, Raul Alejandro"]
[Black "Capo Vidal, Uriel"]
[Result "1/2-1/2"]
[WhiteElo "2183"]
[BlackElo "2338"]
[PlyCount "55"]
[EventDate "2008.03.18"]
[EventType "swiss"]
[EventRounds "9"]
[EventCountry "MEX"]
[Source "lmi"]
[SourceDate "2008.03.18"]

1. e4 c5 2. Nc3 Nc6 3. f4 g6 4. Nf3 Bg7 5. g3 e6 6. Bg2 Nge7 7. O-O O-O 8. d3
Rb8 9. Ne2 Nd4 10. Nfxd4 cxd4 11. c3 Nc6 12. Kh1 d6 13. cxd4 Nxd4 14. Be3 Nxe2
15. Qxe2 Qa5 16. Bd2 Qb6 17. Bc3 Bd7 18. Qd2 Bd4 19. Bxd4 Qxd4 20. Qc3 Qxc3 21.
bxc3 Rfc8 22. Rfc1 b5 23. Rab1 Rb6 24. e5 d5 25. Kg1 Kf8 26. Kf2 Ra6 27. Rc2
Ra4 28. Rbb2 1/2-1/2

[Event "Abierto Mexicano de Ajedrez 2008"]
[Site "Aguascalientes"]
[Date "2008.03.18"]
[Round "5"]
[White "Blanco Fernandez, Alvaro"]
[Black "Vega Lopez de Nava, Cesar Octavi"]
[Result "1-0"]
[WhiteElo "2335"]
[BlackElo "1997"]
[PlyCount "45"]
[EventDate "2008.03.18"]
[EventType "swiss"]
[EventRounds "9"]
[EventCountry "MEX"]
[Source "lmi"]
[SourceDate "2008.03.18"]

1. d4 d5 2. c4 c6 3. Nf3 Nf6 4. Nc3 e6 5. Bg5 dxc4 6. e4 b5 7. e5 h6 8. Bh4 g5
9. exf6 gxh4 10. Ne5 Bb7 11. Nxf7 Qxf6 12. Nxh8 Qxh8 13. Qh5+ Kd8 14. Qxh4+ Be7
15. Qe4 Kc7 16. Qxe6 Bg5 17. Be2 Nd7 18. O-O Re8 19. Qg4 Nf6 20. Qg3+ Kb6 21.
Bf3 Rg8 22. Qd6 Rd8 23. Qc5+ 1-0

[Event "Abierto Mexicano de Ajedrez 2008"]
[Site "Aguascalientes"]
[Date "2008.03.21"]
[Round "5"]
[White "Nogueiras Santiago, Jesus"]
[Black "Martin Del Campo C., Jorge"]
[Result "1-0"]
[WhiteElo "2549"]
[BlackElo "2248"]
[PlyCount "129"]
[EventDate "2008.03.18"]
[EventType "swiss"]
[EventRounds "9"]
[EventCountry "MEX"]
[Source "lmi"]
[SourceDate "2008.03.18"]

1. c4 e5 2. Nc3 Nf6 3. Nf3 Nc6 4. e3 d6 5. d4 exd4 6. exd4 Be7 7. d5 Ne5 8. Nd4
O-O 9. Be2 Bd7 10. O-O c5 11. dxc6 bxc6 12. b3 Re8 13. Bb2 Bf8 14. Qd2 Qc7 15.
Rad1 Rad8 16. Qc2 Bg4 17. Bxg4 Nexg4 18. h3 Ne5 19. Rd2 g6 20. Nde2 Ned7 21.
Rfd1 Nc5 22. Na4 Nce4 23. Rd3 Be7 24. Re3 Ng5 25. Qc3 h6 26. Ng3 Ngh7 27. Rde1
Qd7 28. Qd4 Bf8 29. Rxe8 Rxe8 30. Rxe8 Qxe8 31. Qxa7 Qe1+ 32. Nf1 c5 33. Bc3
Qb1 34. Bxf6 Nxf6 35. Nb6 Ne4 36. Qa5 Bg7 37. Qa8+ Kh7 38. Qe8 Qe1 39. Qxf7 Nd2
40. Nd7 Qxf1+ 41. Kh2 Qa1 42. g3 Ne4 43. Nf8+ Kh8 44. Nxg6+ Kh7 45. Ne7 Nf6 46.
Nf5 Ne4 47. a4 Ng5 48. Qxg7+ Qxg7 49. Nxg7 Kxg7 50. a5 Ne6 51. a6 Nc7 52. a7
Kf6 53. g4 Ke6 54. h4 d5 55. cxd5+ Kxd5 56. g5 hxg5 57. hxg5 Ke5 58. Kg3 Kf5
59. Kh4 Kg6 60. Kg4 Na8 61. f4 Nc7 62. f5+ Kg7 63. Kf4 Kf7 64. Ke5 Ke7 65. g6
1-0

[Event "Abierto Mexicano de Ajedrez 2008"]
[Site "Aguascalientes"]
[Date "2008.03.21"]
[Round "5"]
[White "Gongora Montes, Benjamin"]
[Black "De La Paz Perdomo, Frank"]
[Result "0-1"]
[WhiteElo "2270"]
[BlackElo "2441"]
[PlyCount "78"]
[EventDate "2008.03.18"]
[EventType "swiss"]
[EventRounds "9"]
[EventCountry "MEX"]
[Source "lmi"]
[SourceDate "2008.03.18"]

1. e4 e5 2. Nf3 d6 3. d4 exd4 4. Nxd4 Nf6 5. Nc3 Be7 6. Bc4 O-O 7. O-O Re8 8.
Re1 c6 9. a4 a5 10. Bg5 h6 11. Bh4 Bf8 12. f4 Nbd7 13. Qf3 d5 14. exd5 Bc5 15.
Rxe8+ Qxe8 16. Bf2 Nb6 17. Bb3 cxd5 18. h3 Bd7 19. Re1 Qf8 20. g4 Re8 21. Rxe8
Qxe8 22. g5 hxg5 23. fxg5 Ne4 24. g6 Nxf2 25. Qxf2 Bc6 26. gxf7+ Qxf7 27. Qxf7+
Kxf7 28. Nce2 Nxa4 29. Bxa4 Bxa4 30. Kg2 Kf6 31. Kg3 Bxd4 32. Nxd4 Ke5 33. c3
Bd7 34. h4 Ke4 35. h5 a4 36. Nf3 Be8 37. Ng5+ Kd3 38. Ne6 Kc2 39. Nxg7 Bxh5 0-1

[Event "Abierto Mexicano de Ajedrez 2008"]
[Site "Aguascalientes"]
[Date "2008.03.21"]
[Round "5"]
[White "Sanchez Enriquez, Oscar Gerardo"]
[Black "Dominguez Aguilar, Guillermo"]
[Result "1/2-1/2"]
[WhiteElo "2264"]
[BlackElo "2400"]
[PlyCount "49"]
[EventDate "2008.03.18"]
[EventType "swiss"]
[EventRounds "9"]
[EventCountry "MEX"]
[Source "lmi"]
[SourceDate "2008.03.18"]

1. e4 c5 2. Nf3 d6 3. d4 cxd4 4. Nxd4 Nf6 5. Nc3 a6 6. Bg5 e6 7. f4 Qb6 8. Qd2
Qxb2 9. Rb1 Qa3 10. Be2 Nc6 11. Nxc6 bxc6 12. O-O d5 13. Kh1 Qa5 14. exd5 cxd5
15. f5 Be7 16. Bf3 Qd8 17. Bxf6 Bxf6 18. fxe6 fxe6 19. Nxd5 exd5 20. Rfe1+ Kf8
21. Qb4+ Be7 22. Qf4+ Bf6 23. Qb4+ Be7 24. Qf4+ Bf6 25. Qb4+ 1/2-1/2

[Event "Abierto Mexicano de Ajedrez 2008"]
[Site "Aguascalientes"]
[Date "2008.03.21"]
[Round "5"]
[White "Hernandez, Yadira"]
[Black "Ibarra Chami, Luis Fernando"]
[Result "0-1"]
[WhiteElo "2218"]
[BlackElo "2364"]
[PlyCount "122"]
[EventDate "2008.03.18"]
[EventType "swiss"]
[EventRounds "9"]
[EventCountry "MEX"]
[Source "lmi"]
[SourceDate "2008.03.18"]

1. d4 d5 2. Nf3 Nf6 3. g3 e6 4. Bg2 b5 5. O-O Be7 6. Nbd2 O-O 7. Ne5 Bb7 8. c3
c5 9. e3 Nfd7 10. f4 f6 11. Nxd7 Qxd7 12. Bh3 Nc6 13. Qg4 Bc8 14. a3 a5 15. Nb3
c4 16. Nd2 Qd6 17. Qh5 e5 18. Bxc8 Raxc8 19. Nf3 g6 20. Qh6 e4 21. f5 g5 22.
Ne1 b4 23. Bd2 bxa3 24. bxa3 Rb8 25. Qh5 Rb2 26. Qd1 Qd7 27. Nc2 Rfb8 28. Rf2
Qb7 29. Bc1 Rb3 30. Qd2 Na7 31. a4 Nc6 32. Kg2 Bd6 33. g4 Qc7 34. Kf1 Kg7 35.
Rg2 Rh8 36. Ba3 h5 37. Bxd6 Qxd6 38. gxh5 Rxh5 39. Kg1 Ne7 40. Rf1 Qd7 41. Qe2
Rh4 42. Qf2 Kf7 43. Na1 Rxc3 44. Qd2 Rd3 45. Qxa5 Rxe3 46. Qb5 Qd6 47. a5 Rf3
48. Rb1 e3 49. Qb8 Qxb8 50. Rxb8 Rxd4 51. Rb1 Rd2 52. a6 Rxg2+ 53. Kxg2 Rf2+
54. Kg3 Ra2 55. Nc2 Nxf5+ 56. Kg4 Rxc2 57. Ra1 e2 58. a7 Ra2 59. Rxa2 e1=Q 60.
a8=Q Qe4+ 61. Kh3 g4# 0-1

[Event "Abierto Mexicano de Ajedrez 2008"]
[Site "Aguascalientes"]
[Date "2008.03.21"]
[Round "55"]
[White "Estrada Nieto, Julian"]
[Black "Fleitas Marti, Yuleikis"]
[Result "1/2-1/2"]
[WhiteElo "2356"]
[BlackElo "2217"]
[PlyCount "133"]
[EventDate "2008.03.18"]
[EventType "swiss"]
[EventRounds "9"]
[EventCountry "MEX"]
[Source "lmi"]
[SourceDate "2008.03.18"]

1. e4 c5 2. Nf3 Nc6 3. Bb5 d6 4. O-O Bd7 5. Re1 Nf6 6. c3 a6 7. Bf1 Bg4 8. d3
e6 9. Nbd2 Be7 10. h3 Bh5 11. g4 Bg6 12. Nh4 Nd7 13. Nxg6 hxg6 14. Nf3 Nde5 15.
Nh2 g5 16. d4 Ng6 17. Nf3 Nh4 18. Nxh4 Rxh4 19. dxc5 dxc5 20. Qxd8+ Rxd8 21. f4
gxf4 22. Bxf4 e5 23. Be3 Rd7 24. Rad1 Nd8 25. Kg2 Ne6 26. Bc4 Rxd1 27. Rxd1
Nf4+ 28. Bxf4 exf4 29. Bd5 Rh6 30. Rd2 Bg5 31. Re2 b6 32. e5 Ke7 33. a4 Rh8 34.
e6 f3+ 35. Kxf3 Rxh3+ 36. Kg2 Re3 37. Rxe3 Bxe3 38. exf7 Bc1 39. b3 b5 40. Kf3
bxa4 41. bxa4 Bd2 42. c4 a5 43. Ke4 g5 44. Kf5 Be3 45. Kg6 Kf8 46. Kf6 Bd2 47.
Be6 Bc1 48. Ke5 Ke7 49. Kd5 Ba3 50. Kc6 Bb4 51. Bd5 Ba3 52. Be6 Bb4 53. Kd5 Ba3
54. Ke5 Bc1 55. Kf5 Bd2 56. Kg6 Kf8 57. Kf6 Bc1 58. Bf5 Bd2 59. Bg6 Bc1 60. Bh5
Bd2 61. Ke6 Bc1 62. Kd6 Ba3 63. Kd7 Bb4 64. Kd6 Ba3 65. Kd7 Bb4 66. Kd6 Ba3 67.
Kd7 1/2-1/2

[Event "Abierto Mexicano de Ajedrez 2008"]
[Site "Aguascalientes"]
[Date "2008.03.21"]
[Round "6"]
[White "Ibarra Chami, Luis Fernando"]
[Black "Cordova, Emilio"]
[Result "0-1"]
[WhiteElo "2364"]
[BlackElo "2493"]
[PlyCount "76"]
[EventDate "2008.03.18"]
[EventType "swiss"]
[EventRounds "9"]
[EventCountry "MEX"]
[Source "lmi"]
[SourceDate "2008.03.18"]

1. e4 e6 2. d4 d5 3. e5 c5 4. c3 Nc6 5. Nf3 Qb6 6. a3 Nh6 7. b4 cxd4 8. cxd4
Nf5 9. Bb2 h5 10. Be2 Be7 11. h4 Bd7 12. Qd3 Rc8 13. Bc3 a6 14. g3 Na7 15. O-O
Bb5 16. Qd2 Bxe2 17. Qxe2 Qb5 18. Qd2 Qa4 19. Ra2 Nb5 20. Rc1 O-O 21. Qc2 Qxc2
22. Raxc2 f6 23. Bb2 Rxc2 24. Rxc2 fxe5 25. dxe5 Nxg3 26. Nbd2 Ne4 27. Nxe4
Rxf3 28. Ng3 Bxh4 29. Kg2 Rb3 30. Nxh5 d4 31. Bc1 Rc3 32. Rxc3 dxc3 33. Kf3
Nd4+ 34. Ke4 Nb3 35. Be3 c2 36. Kd3 c1=Q 37. Bxc1 Nxc1+ 38. Kd2 g6 0-1

[Event "Abierto Mexicano de Ajedrez 2008"]
[Site "Aguascalientes"]
[Date "2008.03.21"]
[Round "6"]
[White "Blanco Fernandez, Alvaro"]
[Black "Borges Mateos, Juan"]
[Result "1-0"]
[WhiteElo "2335"]
[BlackElo "2448"]
[PlyCount "91"]
[EventDate "2008.03.18"]
[EventType "swiss"]
[EventRounds "9"]
[EventCountry "MEX"]
[Source "lmi"]
[SourceDate "2008.03.18"]

1. d4 e6 2. Nf3 c5 3. c4 cxd4 4. Nxd4 a6 5. g3 Qc7 6. Nd2 b6 7. Bg2 Bb7 8. N4f3
Nf6 9. O-O Be7 10. b3 O-O 11. Bb2 d6 12. Rc1 Nbd7 13. Re1 Rac8 14. b4 Qb8 15.
e4 Rc7 16. h3 Rfc8 17. Qe2 Qa8 18. Nd4 Qa7 19. Kh2 g6 20. N4b3 Qa8 21. a3 h6
22. Qe3 Kh7 23. Bf1 Qb8 24. Bd3 Ba8 25. f4 Ne8 26. Nf3 Bf6 27. e5 Bg7 28. Nh4
dxe5 29. fxe5 Kg8 30. Rf1 a5 31. Bd4 axb4 32. axb4 Ra7 33. Rce1 Ra2+ 34. Kg1
Qb7 35. Nf3 b5 36. Na5 Rxa5 37. bxa5 bxc4 38. Bc2 Nc7 39. h4 Nd5 40. Qf2 Qc7
41. Ng5 Rf8 42. Nxf7 Nb4 43. Bxg6 Qc6 44. Be4 Qa6 45. Qf3 Nd3 46. Qh5 1-0

[Event "Abierto Mexicano de Ajedrez 2008"]
[Site "Aguascalientes"]
[Date "2008.03.21"]
[Round "6"]
[White "De La Paz Perdomo, Frank"]
[Black "Tapie Amione, Pablo Adib"]
[Result "1-0"]
[WhiteElo "2441"]
[BlackElo "2179"]
[PlyCount "65"]
[EventDate "2008.03.18"]
[EventType "swiss"]
[EventRounds "9"]
[EventCountry "MEX"]
[Source "lmi"]
[SourceDate "2008.03.18"]

1. e4 c5 2. Nf3 d6 3. d4 cxd4 4. Nxd4 Nf6 5. Nc3 a6 6. Bg5 e6 7. f4 Nbd7 8. Qf3
Qc7 9. O-O-O b5 10. Bd3 Bb7 11. Rhe1 Qb6 12. Nd5 Qxd4 13. Bxf6 gxf6 14. Bxb5
Qc5 15. Nxf6+ Kd8 16. Nxd7 Qxb5 17. Nxf8 Rxf8 18. Qa3 Ke8 19. Qxd6 Rc8 20. Re3
Qc6 21. Qd2 Qc7 22. Rc3 Bc6 23. f5 e5 24. f6 Rg8 25. Qf2 Rg6 26. Rd5 Kf8 27.
Qc5+ Kg8 28. Qxc6 Qxc6 29. Rxc6 Rb8 30. g3 Rh6 31. Rcd6 Rf8 32. h4 Rg6 33. h5
1-0

[Event "Abierto Mexicano de Ajedrez 2008"]
[Site "Aguascalientes"]
[Date "2008.03.21"]
[Round "6"]
[White "Fleitas Marti, Yuleikis"]
[Black "Bruzon Batista, Lazaro"]
[Result "0-1"]
[WhiteElo "2217"]
[BlackElo "2607"]
[PlyCount "42"]
[EventDate "2008.03.18"]
[EventType "swiss"]
[EventRounds "9"]
[EventCountry "MEX"]
[Source "lmi"]
[SourceDate "2008.03.18"]

1. e4 c5 2. Nc3 e6 3. g3 Nc6 4. Bg2 g6 5. d3 Bg7 6. Be3 d6 7. Qd2 Rb8 8. Nge2
Nd4 9. Nc1 Ne7 10. O-O b6 11. f4 O-O 12. Nd1 Ba6 13. f5 exf5 14. c3 Ne6 15. Nf2
fxe4 16. Nxe4 Nf5 17. Bh3 Nxe3 18. Qxe3 f5 19. Nd2 Re8 20. Qf2 Nd4 21. Nf3 Bh6
0-1

[Event "Abierto Mexicano de Ajedrez 2008"]
[Site "Aguascalientes"]
[Date "2008.03.21"]
[Round "6"]
[White "Gonzalez Arroyo, Lenin"]
[Black "Quezada Perez, Yuniesky"]
[Result "0-1"]
[WhiteElo "2205"]
[BlackElo "2546"]
[PlyCount "70"]
[EventDate "2008.03.18"]
[EventType "swiss"]
[EventRounds "9"]
[EventCountry "MEX"]
[Source "lmi"]
[SourceDate "2008.03.18"]

1. e4 c5 2. Nf3 d6 3. d4 cxd4 4. Qxd4 Nc6 5. Bb5 Bd7 6. Bxc6 Bxc6 7. Nc3 Nf6 8.
Bg5 e6 9. O-O-O Be7 10. Rhe1 O-O 11. Qd3 Qa5 12. Kb1 Rac8 13. Bd2 Qc7 14. Nd4
a6 15. f4 b5 16. a3 Ba8 17. g4 d5 18. e5 Ne4 19. Nxe4 dxe4 20. Qe2 Rfd8 21. Bc1
Bc5 22. Nb3 Rxd1 23. Rxd1 Bb6 24. Nd4 Bd5 25. Be3 Bc5 26. Qf2 b4 27. axb4 Bxb4
28. Nb3 a5 29. Nc1 a4 30. Rd4 Qb7 31. Na2 Ba3 32. c3 Qb3 33. Nc1 Qb5 34. Qe2
Qxe2 35. Nxe2 Bc5 0-1

[Event "Abierto Mexicano de Ajedrez 2008"]
[Site "Aguascalientes"]
[Date "2008.03.21"]
[Round "6"]
[White "Zapata, Alonso"]
[Black "Sanchez Enriquez, Oscar Gerardo"]
[Result "1-0"]
[WhiteElo "2475"]
[BlackElo "2264"]
[PlyCount "47"]
[EventDate "2008.03.18"]
[EventType "swiss"]
[EventRounds "9"]
[EventCountry "MEX"]
[Source "lmi"]
[SourceDate "2008.03.18"]

1. e4 c5 2. Nf3 Nc6 3. d4 cxd4 4. Nxd4 e5 5. Nb5 d6 6. c4 Be7 7. N1c3 a6 8. Na3
f5 9. Bd3 f4 10. g3 Nf6 11. gxf4 exf4 12. Bxf4 O-O 13. Bg3 Ng4 14. f4 h5 15. h4
Bf6 16. Qd2 Be6 17. O-O-O b5 18. Nd5 Qb8 19. Nxf6+ Nxf6 20. f5 Bf7 21. Bc2 b4
22. Bxd6 Qa7 23. Nb1 Rfe8 24. Rhe1 1-0

[Event "Abierto Mexicano de Ajedrez 2008"]
[Site "Aguascalientes"]
[Date "2008.03.21"]
[Round "6"]
[White "Dominguez Aguilar, Guillermo"]
[Black "Gutierrez Carmona, Juan Alejandr"]
[Result "1-0"]
[WhiteElo "2400"]
[BlackElo "2205"]
[PlyCount "65"]
[EventDate "2008.03.18"]
[EventType "swiss"]
[EventRounds "9"]
[EventCountry "MEX"]
[Source "lmi"]
[SourceDate "2008.03.18"]

1. e4 e5 2. Nf3 Nc6 3. Bb5 Nf6 4. O-O Be7 5. d4 O-O 6. dxe5 Nxe4 7. Qd5 Nc5 8.
Be3 Ne6 9. Nc3 a6 10. Ba4 b5 11. Bb3 Bb7 12. Rad1 Qb8 13. Qd3 Rd8 14. Qf5 Na5
15. Rxd7 g6 16. Rxd8+ Qxd8 17. Qg4 Nxb3 18. axb3 Qe8 19. Ne2 Qc6 20. c3 Rd8 21.
b4 h5 22. Qg3 Qc4 23. Nfd4 Ng7 24. Nf4 c5 25. bxc5 Bxc5 26. e6 Bxd4 27. exf7+
Qxf7 28. Bxd4 Nf5 29. Qg5 Rd7 30. Be5 Kh7 31. h3 Nd6 32. Rd1 Ne4 33. Qxg6+ 1-0

[Event "Abierto Mexicano de Ajedrez 2008"]
[Site "Aguascalientes"]
[Date "2008.03.18"]
[Round "6"]
[White "Mitkov, Nikola"]
[Black "Gonzalez Zamora, Juan Carlos"]
[Result "0-1"]
[WhiteElo "2538"]
[BlackElo "2556"]
[PlyCount "122"]
[EventDate "2008.03.18"]
[EventType "swiss"]
[EventRounds "9"]
[EventCountry "MEX"]
[Source "lmi"]
[SourceDate "2008.03.18"]

1. d4 Nf6 2. Nf3 g6 3. Bg5 Bg7 4. Nbd2 d5 5. e3 O-O 6. c3 Nbd7 7. Be2 Re8 8.
O-O c6 9. Bh4 h6 10. h3 e5 11. Bg3 e4 12. Ne1 Nf8 13. c4 N8h7 14. Rc1 Ng5 15.
Nb1 dxc4 16. Bxc4 Be6 17. Bxe6 Nxe6 18. Qb3 Qd7 19. Nc3 Nd5 20. Nc2 f5 21. Rfd1
Rad8 22. Bh2 Kh7 23. Nb4 Nxc3 24. bxc3 a5 25. Nc2 b5 26. Na3 a4 27. Qc2 Bf8 28.
Nb1 c5 29. d5 Ng5 30. c4 b4 31. Nd2 Nf7 32. Rf1 Bd6 33. Bxd6 Nxd6 34. Rce1 Ra8
35. Re2 Qg7 36. Rb1 Reb8 37. Ree1 Qf6 38. Qb2 Qe7 39. Qc2 h5 40. Nf1 h4 41. Nd2
Qf6 42. Qb2 Qxb2 43. Rxb2 Re8 44. f3 Kg7 45. Kf2 Kf6 46. Rc2 g5 47. Rb2 Re7 48.
Rc2 Rae8 49. Nf1 exf3 50. gxf3 g4 51. hxg4 fxg4 52. fxg4 Re4 53. Nd2 Rxg4 54.
Ke2 Nf5 55. Kd3 h3 56. Nf3 Rge4 57. Rce2 Rxe3+ 58. Rxe3 Rxe3+ 59. Rxe3 Nxe3 60.
d6 Ng4 61. d7 Ke7 0-1

[Event "Abierto Mexicano de Ajedrez 2008"]
[Site "Aguascalientes"]
[Date "2008.03.18"]
[Round "6"]
[White "Nogueiras Santiago, Jesus"]
[Black "Espinosa Flores, Rafael"]
[Result "1-0"]
[WhiteElo "2549"]
[BlackElo "2386"]
[PlyCount "73"]
[EventDate "2008.03.18"]
[EventType "swiss"]
[EventRounds "9"]
[EventCountry "MEX"]
[Source "lmi"]
[SourceDate "2008.03.18"]

1. c4 e5 2. Nc3 Nf6 3. Nf3 Nc6 4. e4 Bc5 5. Nxe5 Nxe5 6. d4 Bb4 7. dxe5 Nxe4 8.
Qd4 Nc5 9. Bd2 d6 10. exd6 O-O 11. O-O-O cxd6 12. Nb5 Bxd2+ 13. Qxd2 Qh4 14.
Qe3 Be6 15. Nxd6 b6 16. Be2 Rad8 17. Rd4 Qf6 18. Rhd1 Rd7 19. f4 Qh6 20. h3 a5
21. R1d2 a4 22. g4 a3 23. Qxa3 Rxd6 24. Rxd6 Qxf4 25. Qf3 Qe5 26. R6d4 g5 27.
Bd1 b5 28. b4 Na6 29. Qc3 bxc4 30. Rxc4 Qb5 31. Rcd4 Qb8 32. Qa3 Nc7 33. Qa5 h6
34. Qe5 Qa7 35. Rd8 Qa3+ 36. Qb2 Qe3 37. Rxf8+ 1-0

[Event "Abierto Mexicano de Ajedrez 2008"]
[Site "Aguascalientes"]
[Date "2008.03.18"]
[Round "6"]
[White "Hernandez Guerrero, Gilberto"]
[Black "Huerta, Dayron"]
[Result "1-0"]
[WhiteElo "2548"]
[BlackElo "2353"]
[PlyCount "55"]
[EventDate "2008.03.18"]
[EventType "swiss"]
[EventRounds "9"]
[EventCountry "MEX"]
[Source "lmi"]
[SourceDate "2008.03.18"]

1. e4 e5 2. Nf3 d6 3. d4 exd4 4. Nxd4 Nf6 5. Nc3 Be7 6. g3 O-O 7. Bg2 Bg4 8.
Nde2 Nc6 9. h3 Be6 10. O-O Qd7 11. Nf4 Bc4 12. Re1 Rfe8 13. b3 Ba6 14. Bb2 Bf8
15. Qd2 Rad8 16. Rad1 b6 17. Kh2 Qc8 18. g4 h6 19. Ncd5 Nxd5 20. exd5 Ne5 21.
Nh5 c5 22. Re3 b5 23. Rde1 Qd7 24. f4 Ng6 25. Be4 Rxe4 26. Rxe4 Bc8 27. Bf6 b4
28. c4 1-0

[Event "Abierto Mexicano de Ajedrez 2008"]
[Site "Aguascalientes"]
[Date "2008.03.18"]
[Round "6"]
[White "Alvarez Ramirez, Miguel Angel"]
[Black "Escobedo Tinajero, Alberto"]
[Result "0-1"]
[WhiteElo "2194"]
[BlackElo "2374"]
[PlyCount "76"]
[EventDate "2008.03.18"]
[EventType "swiss"]
[EventRounds "9"]
[EventCountry "MEX"]
[Source "lmi"]
[SourceDate "2008.03.18"]

1. d4 d5 2. c4 e6 3. Nf3 Nf6 4. Nc3 c6 5. Bg5 h6 6. Bh4 g5 7. Bg3 dxc4 8. e4 b5
9. Be2 Bb7 10. Ne5 Nbd7 11. O-O Nxe5 12. Bxe5 Rg8 13. Qc2 Nd7 14. Bg3 Qb6 15.
a4 a6 16. d5 e5 17. b3 b4 18. a5 Qc7 19. dxc6 Bxc6 20. Nd5 Bxd5 21. exd5 c3 22.
d6 Bxd6 23. Rfd1 Rg6 24. Bc4 Rf6 25. Qe2 Kf8 26. Bxa6 Nc5 27. Bc4 Rxa5 28. Rxa5
Qxa5 29. Bxe5 Bxe5 30. Qxe5 Qb6 31. h3 Kg7 32. h4 Ne6 33. Qg3 Qc7 34. hxg5 hxg5
35. Qd3 Qf4 36. f3 Nd4 37. Ra1 c2 38. Qf1 Qe3+ 0-1

[Event "Abierto Mexicano de Ajedrez 2008"]
[Site "Aguascalientes"]
[Date "2008.03.18"]
[Round "6"]
[White "Morales Mendoza, Luciana"]
[Black "Estrada Nieto, Julian"]
[Result "1/2-1/2"]
[WhiteElo "2180"]
[BlackElo "2356"]
[PlyCount "54"]
[EventDate "2008.03.18"]
[EventType "swiss"]
[EventRounds "9"]
[EventCountry "MEX"]
[Source "lmi"]
[SourceDate "2008.03.18"]

1. d4 d5 2. Nf3 Nf6 3. c4 dxc4 4. e3 e6 5. Bxc4 c5 6. Qe2 a6 7. a4 Nc6 8. O-O
Qc7 9. Nc3 Bd6 10. dxc5 Bxc5 11. b3 O-O 12. Bb2 b6 13. Rac1 Bb7 14. Bd3 Nb4 15.
Bb1 Qe7 16. Ng5 Bd6 17. Rfd1 Rfd8 18. h3 h6 19. Nge4 Be5 20. Nxf6+ Qxf6 21. f4
Bxc3 22. Bxc3 Qe7 23. Qg4 f5 24. Qg6 Nd5 25. Bd4 Qf7 26. Qxf7+ Kxf7 27. Bxb6
Nxb6 1/2-1/2